Meilleur attaque spe 3g - Statistiques

Statistiques générales
  • Ce quiz a été pris 15 fois
  • Le résultat moyen est 32 sur 38
Statistiques - réponses
Hint Réponse % Correct
150 deoxys
100%
180 deoxys attaque
100%
110 drattak
100%
125 gardevoir
100%
110 latias
100%
130 latios
100%
130 mega brasegali
100%
120 mega drattak
100%
145 mega jungko
100%
140 mega latias
100%
160 mega latios
100%
150 rayquaza
100%
110 brasegali
86%
105 camerupt
86%
105 elecsprint
86%
100 groudon
86%
100 jirachi
86%
105 jungko
86%
150 kyogre
86%
145 mega camerupt
86%
165 mega gardevoir
86%
105 mega metalosse
86%
120 mega oniglali
86%
180 mega rayquaza
86%
100 milobellus
86%
150 primo groudon
86%
180 primo kyogre
86%
100 regice
86%
114 rosabyss
86%
115 mega absol
71%
110 mega altaria
71%
135 mega elecsprint
71%
110 mega sharpedo
71%
100 roselia
71%
115 cacturne
43%
100 charmillon
43%
100 maskadra
43%
100 seviper
29%
Aucun quiz correspondant
Distribution des résultats
% des personnes avec chaque résultat
Percentile par nombre de réponses
Votre historique - résultats
Vous n’avez pas pris ce quiz